Normal view MARC view

Entry Nombre personal

Number of records used in: 1

001 - NÚMERO DE CONTROL

  • campo de control: 240429

003 - IDENTIFICADOR DE NÚMERO DE CONTROL

  • campo de control: SpMaBN

005 - FECHA Y HORA DE LA ÚLTIMA TRANSACCIÓN

  • campo de control: 20251010184736.0

008 - ELEMENTOS DE DATO DE LONGITUD-FIJA

  • campo de control de longitud fija: 010202n| aijnnaabn |n aaa

016 ## - NÚMERO DE CONTROL DE UNA AGENCIA BIBLIOGRÁFICA NACIONAL

  • Número de control del registro: BNE20010095341

040 ## - FUENTE DE CATALOGACIÓN

  • Centro catalogador/agencia de origen: SpMaBN
  • Lengua de catalogación: spa
  • Centro/agencia transcriptor: SpMaBN
  • Normas de descripción: rdc
  • Convención/Normas de encabezamiento de materia/tesauro: embne

046 ## - FECHAS CON CODIFICACIÓN ESPECIAL

  • Fecha de nacimiento: 1939
  • Fecha de la muerte: 2023

100 1# - ENCABEZAMIENTO-NOMBRE DE PERSONA

  • Nombre de persona: Martínez Alés, Rafael,
  • Fechas asociadas al nombre: 1939-2023

370 ## - LUGAR ASOCIADO

  • Lugar de nacimiento: España, Madrid (Comunidad Autónoma), Madrid
  • Fuente del término: embne

370 ## - LUGAR ASOCIADO

  • Lugar de fallecimiento: España, Madrid (Comunidad Autónoma), Madrid
  • Fuente del término: embne

372 ## - CAMPO DE ACTIVIDAD

  • Campo de actividad: Edición
  • Campo de actividad: Libros
  • Fuente del término: embne

374 ## - OCUPACIÓN

  • Ocupación: Editores
  • Fuente del término: embne

375 ## - GÉNERO/SEXO

  • Género: Masculino

377 ## - IDIOMA ASOCIADO

  • Término de lengua/lenguaje: Español

670 ## - FUENTE DE DATOS ENCONTRADOS

  • Cita de la fuente: Precio fijo del libro ¿por qué?, 2000
  • Información encontrada: contraport. (Rafael Martínez Alés)

670 ## - FUENTE DE DATOS ENCONTRADOS

  • Cita de la fuente: WWW Wikipedia, 09-02-2023
  • Información encontrada: (Rafael Martínez Alés (Madrid, 25-11-1939 --Madrid, 07-02-2023) fue un editor español, fundador de Edicusa, la editorial de la revista Cuadernos para el Diálogo. También fue director editorial de Alianza Editorial entre 1989 y 2009. Fue Director general del Instituto Nacional del Libro y responsable por tanto de la Editora Nacional)
  • Identificador Uniforme de Recursos: https://es.wikipedia.org/wiki/Rafael_Martínez_Alés